000 00634cam a2200181 i 4500
005 20260126120254.0
008 250721s2001 jo gr 000 0 ara d
082 1 4 _a347.565
_bغ ي ث
100 1 _aغيث، عزت
_eمعد.
245 1 2 _aالقانون المدني الأردني رقم 43 لسنة 1976 /
_cعزت غيث.
264 3 1 _aعمان :
_bدار قنديل للنشر والتوزيع،
_c2001.
300 _a382 صفحة.
490 0 _aسلسلة التشريعات القضائية ؛
_v2
650 1 7 _aالقانون المدني.
650 1 7 _aالأردن.
942 _2ddc
_cBK
999 _c35884
_d35884